[Event "South America-ch 1st"]
[Site "Lima"]
[Date "2023.09.20"]
[Round "7"]
[White "Ilasaca Gaona, Owen Hisahito"]
[Black "Reynoso, Jorge"]
[Result "1-0"]
[WhiteElo "1566"]
[BlackElo "1425"]
[PlyCount "86"]
[EventDate "2023.09.14"]
[EventType "swiss"]
[EventRounds "9"]
[EventCountry "PER"]
[SourceTitle "EXT 2024"]
[Source "ChessBase"]
[SourceDate "2023.10.10"]
[SourceVersion "1"]
[SourceVersionDate "2023.10.10"]
[SourceQuality "1"]

1. e4 e5 2. Nf3 Nc6 3. Bb5 Bc5 4. c3 a6 5. Bxc6 bxc6 6. Nxe5 Qe7 7. 0-0 Qxe5 8. d4 Qe7 9. dxc5 Qxc5 10. Qg4 g6 11. Be3 Qe7 12. Nd2 d6 13. Qf3 Bd7 14. Nb3 f6 15. Nd4 Kf7 16. Rfe1 Re8 17. e5 Qxe5 18. Nxc6 Qf5 19. Qxf5 Bxf5 20. Nb4 Bc8 21. Nd5 c6 22. Nb6 Ne7 23. Bf4 d5 24. Nxc8 Nxc8 25. Kf1 Nb6 26. b3 Nd7 27. f3 Nc5 28. Rad1 Rxe1+ 29. Kxe1 Re8+ 30. Kd2 h5 31. Be3 Ne6 32. b4 Nd8 33. c4 dxc4 34. Rc1 Ne6 35. Rxc4 Rc8 36. Kc3 Ke7 37. Kb3 Kd6 38. Ka4 Kc7 39. Re4 Re8 40. h3 Kb7 41. g4 f5 42. gxf5 gxf5 43. Re5 Ng7 1-0

[Event "PER-ch"]
[Site "Lima"]
[Date "2023.08.31"]
[Round "4"]
[White "Principe, Gerson"]
[Black "Reynoso, Jorge"]
[Result "1-0"]
[WhiteElo "2213"]
[BlackElo "1425"]
[PlyCount "51"]
[EventDate "2023.08.29"]
[EventType "swiss"]
[EventRounds "9"]
[EventCountry "PER"]
[SourceTitle "EXT 2024"]
[Source "ChessBase"]
[SourceDate "2023.10.10"]
[SourceVersion "1"]
[SourceVersionDate "2023.10.10"]
[SourceQuality "1"]

1. d4 d5 2. c4 e6 3. e3 Nf6 4. Nf3 c6 5. Bd3 Bd6 6. b3 0-0 7. Bb2 Nbd7 8. 0-0 b6 9. Nbd2 Bb7 10. Ne5 c5 11. f4 Ne4 12. cxd5 exd5 13. Nxe4 dxe4 14. Bb5 Nf6 15. Rc1 Rc8 16. Qe2 a6 17. Bxa6 Bxa6 18. Qxa6 Ra8 19. Qb7 Rxa2 20. Nc4 Bc7 21. dxc5 bxc5 22. Bxf6 gxf6 23. Qxe4 Re8 24. Qf5 Qe7 25. Rf3 Qe6 26. Qxc5 1-0

[Event "PER-ch"]
[Site "Lima"]
[Date "2023.08.30"]
[Round "3"]
[White "Reynoso, Jorge"]
[Black "Hidalgo Valladolid, Renato Guillermo"]
[Result "1-0"]
[WhiteElo "1425"]
[BlackElo "1113"]
[PlyCount "47"]
[EventDate "2023.08.29"]
[EventType "swiss"]
[EventRounds "9"]
[EventCountry "PER"]
[SourceTitle "EXT 2024"]
[Source "ChessBase"]
[SourceDate "2023.10.10"]
[SourceVersion "1"]
[SourceVersionDate "2023.10.10"]
[SourceQuality "1"]

1. d4 d5 2. c4 e6 3. Nc3 Nf6 4. Bg5 Be7 5. Nf3 0-0 6. e3 b6 7. Bd3 Nbd7 8. 0-0 Bb7 9. Rc1 c5 10. h3 Qc7 11. Bf4 Qc8 12. Nb5 Qc6 13. Re1 a6 14. Na3 Rfe8 15. Be2 Nh5 16. Ne5 Nxe5 17. Bxe5 Nf6 18. Bf3 Qd7 19. Qb3 dxc4 20. Nxc4 Nd5 21. Nxb6 Nxb6 22. Qxb6 Bxf3 23. gxf3 Rf8 24. dxc5 1-0

[Event "Lima Santisimo Nombre de Jesus 3"]
[Site "Lima"]
[Date "2012.06.19"]
[Round "4"]
[White "Reynoso, Jorge"]
[Black "Ugarelli, Juan"]
[Result "1-0"]
[WhiteElo "1674"]
[BlackElo "1520"]
[PlyCount "95"]
[EventDate "2012.06.19"]
[EventType "swiss"]
[EventRounds "8"]
[EventCountry "PER"]
[SourceTitle "EXT 2024"]
[Source "ChessBase"]
[SourceDate "2023.10.10"]
[SourceVersion "1"]
[SourceVersionDate "2023.10.10"]
[SourceQuality "1"]

1. d4 Nf6 2. Nf3 g6 3. Bf4 Bg7 4. e3 d5 5. Nbd2 Bf5 6. Be2 0-0 7. 0-0 Nh5 8. Bg3 Nxg3 9. hxg3 Nd7 10. c4 Nf6 11. Qb3 Bc8 12. Rac1 e6 13. Qc2 c6 14. Ne5 Nd7 15. Nxd7 Bxd7 16. Nf3 Qb6 17. Ne5 Bxe5 18. dxe5 Rac8 19. c5 Qc7 20. f4 b6 21. b4 b5 22. g4 Qd8 23. g3 Kg7 24. Bd3 Rh8 25. Qh2 Qg8 26. Qh4 Kf8 27. Rf2 h6 28. Ra1 g5 29. Qh5 Be8 30. Qh3 Qg7 31. a4 Rc7 32. axb5 cxb5 33. Ra5 Rb7 34. Rfa2 f6 35. exf6 Qxf6 36. Rxa7 Rxa7 37. Rxa7 Qc3 38. Qf1 Kg8 39. fxg5 Qe5 40. Qf4 Qxf4 41. gxf4 hxg5 42. Ra8 Kf7 43. Bxb5 gxf4 44. Bxe8+ Rxe8 45. Rxe8 Kxe8 46. exf4 Kd7 47. b5 e5 48. fxe5 1-0